000 00329 a2200157 4500
001 73730
020 _a
040 _cAnchieta - Colégio São Paulo
100 _aVieira, Lia
240 1 0 _aCadernos Negros
_lpor
245 1 0 _aCadernos Negros
300 _a141
362 0 _a1998
650 4 _aPoesia brasileira
942 _cBK
999 _c73730
_d73730